00461cam a22001337a 4500008004000000082001700040100001900057245005900076260003800135300001000173650003700183999001900220952008800239180718b1979 xxu||||| |||| 00| 0 eng d aA99/K527 G76 aGraham, G.F.I. aLife and work of Sir Syed Ahmed Khancby G.F.I. Graham aKarachibOxford Univ. Pressc1979 a296p. aKhan, Sir Syed Ahmed - Biography c391568d391568 00104070aIIPAbIIPAd2000-03-25oA99/K527 G76p75100r2018-07-21w2018-07-21yBK